Normal view
MARC view
Entry Término temático
001 - NÚMERO DE CONTROL
- campo de control: 182104
003 - IDENTIFICADOR DEL NÚMERO DE CONTROL
- campo de control: OSt
005 - FECHA Y HORA DE LA ÚLTIMA TRANSACCIÓN
- campo de control: 20220601075307.0
008 - DATOS DE LONGITUD FIJA
- campo de control de longitud fija: 220601|| aca||aabn | a|a d
040 ## - FUENTE DE LA CATALOGACIÓN
- Centro catalogador/agencia de origen: OSt
- Centro/agencia transcriptor: OSt
150 ## - ENCABEZAMIENTO--TÉRMINO DE MATERIA
- Término de materia o nombre geográfico como elemento de entrada: 1. Forrajes - Producción 2. Pastoreo 3. Maíz como forraje 4. Sorgo como forraje 5. Mijo
670 ## - FUENTE DE DATOS ENCONTRADOS
- Cita de la fuente: Work cat.: (OSt)214882: Barrientos Hernández, Ismael 10483, Forrajes estivales para pastoreo / por Ismael Barrientos Hernández y Timoteo Gallegos Zapata
